[Event "World Youth & Cadets Blitz Championships"]
[Site "Rhodes, Greece"]
[Date "2022.05.03"]
[Round "5.16"]
[White "Kyriakidis, Orestis"]
[Black "Korelskiy, Egor"]
[Result "0-1"]
[TimeControl "5'/game & 2\"/move"]
[WhiteElo "1473"]
[BlackElo "1993"]

1. d4 {[%clk 00:05:02]} {[%emt 00:00:02]} d5 {[%clk 00:05:03]} {[%emt
00:00:01]} 2. Nf3 {[%clk 00:05:03]} e6 {[%clk 00:05:04]} {[%emt 00:00:01]} 3.
g3 {[%clk 00:05:04]} {[%emt 00:00:01]} c5 {[%clk 00:05:01]} {[%emt 00:00:05]} 4.
Bg2 {[%clk 00:05:05]} Nc6 {[%clk 00:05:01]} {[%emt 00:00:02]} 5. O-O {[%clk
00:05:05]} {[%emt 00:00:02]} Nf6 {[%clk 00:05:02]} {[%emt 00:00:02]} 6. b3
{[%clk 00:05:06]} {[%emt 00:00:01]} cxd4 {[%clk 00:05:01]} {[%emt 00:00:03]} 7.
Nxd4 {[%clk 00:05:06]} {[%emt 00:00:01]} Nxd4 {[%clk 00:04:56]} {[%emt
00:00:07]} 8. Qxd4 {[%clk 00:05:06]} {[%emt 00:00:02]} Qc7 {[%clk 00:04:56]}
{[%emt 00:00:02]} 9. c4 {[%clk 00:04:45]} {[%emt 00:00:24]} Bd6 {[%clk
00:04:45]} {[%emt 00:00:12]} 10. Bb2 {[%clk 00:04:29]} {[%emt 00:00:19]} e5
{[%clk 00:04:37]} {[%emt 00:00:09]} 11. Qc3 {[%clk 00:04:10]} {[%emt 00:00:21]}
d4 {[%clk 00:04:36]} {[%emt 00:00:04]} 12. Qd3 {[%clk 00:04:11]} {[%emt
00:00:01]} O-O {[%clk 00:04:28]} {[%emt 00:00:09]} 13. Nd2 {[%clk 00:04:11]}
{[%emt 00:00:02]} Be6 {[%clk 00:04:18]} {[%emt 00:00:12]} 14. e3 {[%clk
00:04:04]} {[%emt 00:00:09]} dxe3 {[%clk 00:04:15]} {[%emt 00:00:05]} 15. Qxe3
{[%clk 00:04:00]} {[%emt 00:00:07]} Rad8 {[%clk 00:04:07]} {[%emt 00:00:10]} 16.
Ne4 {[%clk 00:03:49]} {[%emt 00:00:13]} Nxe4 {[%clk 00:03:49]} {[%emt
00:00:20]} 17. Qxe4 {[%clk 00:03:49]} {[%emt 00:00:02]} b6 {[%clk 00:03:47]}
{[%emt 00:00:04]} 18. Rad1 {[%clk 00:03:44]} {[%emt 00:00:07]} f6 {[%clk
00:03:45]} {[%emt 00:00:04]} 19. Kh1 {[%clk 00:03:30]} {[%emt 00:00:15]} Bc5
{[%clk 00:03:43]} {[%emt 00:00:04]} 20. f4 {[%clk 00:03:23]} {[%emt 00:00:09]}
Rxd1 {[%clk 00:03:31]} {[%emt 00:00:15]} 21. Rxd1 {[%clk 00:03:24]} Bg4 {[%clk
00:03:28]} {[%emt 00:00:04]} 22. Rf1 {[%clk 00:02:47]} {[%emt 00:00:39]} exf4
{[%clk 00:02:53]} {[%emt 00:00:37]} 23. Rxf4 {[%clk 00:02:47]} {[%emt
00:00:02]} Bd7 {[%clk 00:02:27]} {[%emt 00:00:29]} 24. Qd5+ {[%clk 00:02:48]}
{[%emt 00:00:01]} Kh8 {[%clk 00:02:26]} {[%emt 00:00:03]} 25. Re4 {[%clk
00:02:28]} {[%emt 00:00:21]} Bc6 {[%clk 00:02:20]} {[%emt 00:00:08]} 26. Qf5
{[%clk 00:02:14]} {[%emt 00:00:16]} Rd8 {[%clk 00:01:56]} {[%emt 00:00:27]} 27.
Re1 {[%clk 00:01:58]} {[%emt 00:00:18]} Bxg2+ {[%clk 00:01:55]} {[%emt
00:00:02]} 28. Kxg2 {[%clk 00:01:56]} Rd2+ {[%clk 00:01:28]} {[%emt 00:00:34]}
29. Kh3 Qc6 {[%clk 00:01:24]} {[%emt 00:00:06]} 30. Qe4 {[%clk 00:01:36]}
{[%emt 00:00:23]} Qxe4 {[%clk 00:01:05]} {[%emt 00:00:21]} 31. Rxe4 {[%clk
00:01:37]} h6 {[%clk 00:01:06]} {[%emt 00:00:01]} 32. Bc1 {[%clk 00:01:22]}
{[%emt 00:00:17]} Rxa2 {[%clk 00:01:06]} {[%emt 00:00:02]} 33. Re8+ {[%clk
00:01:22]} {[%emt 00:00:02]} Kh7 {[%clk 00:01:07]} {[%emt 00:00:01]} 34. Be3
{[%clk 00:01:19]} {[%emt 00:00:05]} Re2 {[%clk 00:01:04]} {[%emt 00:00:05]} 35.
Bxc5 {[%clk 00:01:15]} {[%emt 00:00:06]} Rxe8 {[%clk 00:01:05]} {[%emt
00:00:01]} 36. Bd6 {[%clk 00:01:13]} {[%emt 00:00:04]} Re3 {[%clk 00:01:05]}
{[%emt 00:00:02]} 37. b4 {[%clk 00:01:14]} {[%emt 00:00:02]} Re4 {[%clk
00:01:04]} {[%emt 00:00:02]} 38. c5 {[%clk 00:01:09]} {[%emt 00:00:07]} Rxb4
{[%clk 00:00:56]} {[%emt 00:00:09]} 39. c6 {[%clk 00:01:10]} {[%emt 00:00:02]}
Rc4 {[%clk 00:00:57]} 40. c7 {[%clk 00:01:10]} {[%emt 00:00:01]} Kg8 {[%clk
00:00:56]} {[%emt 00:00:03]} 41. Kg2 {[%clk 00:01:08]} {[%emt 00:00:04]} Kf7
{[%clk 00:00:57]} {[%emt 00:00:02]} 42. Kf3 {[%clk 00:01:09]} Ke6 {[%clk
00:00:58]} {[%emt 00:00:01]} 43. Bf4 {[%clk 00:01:06]} {[%emt 00:00:05]} Rxf4+
{[%clk 00:00:57]} {[%emt 00:00:03]} 44. Kxf4 {[%clk 00:01:06]} {[%emt
00:00:02]} Kd7 {[%clk 00:00:58]} {[%emt 00:00:01]} 45. Kf5 {[%clk 00:01:07]}
{[%emt 00:00:01]} a5 {[%clk 00:00:58]} {[%emt 00:00:03]} 46. Ke4 {[%clk
00:01:01]} {[%emt 00:00:07]} Kxc7 {[%clk 00:00:58]} {[%emt 00:00:01]} 47. Kd5
{[%clk 00:01:03]} g5 {[%clk 00:00:57]} {[%emt 00:00:03]} 48. g4 {[%clk
00:01:04]} {[%emt 00:00:01]} b5 {[%clk 00:00:56]} {[%emt 00:00:03]} 49. Kc5
{[%clk 00:01:04]} {[%emt 00:00:01]} a4 {[%clk 00:00:57]} 0-1

[Event "World Youth & Cadets Blitz Championships"]
[Site "Rhodes, Greece"]
[Date "2022.05.03"]
[Round "5.17"]
[White "Bogdanov, Artyom"]
[Black "Karvatskyi, Oleksii"]
[Result "0-1"]
[TimeControl "5'/game & 2\"/move"]
[WhiteElo "1413"]
[BlackElo "1902"]

1. e4 {[%clk 00:05:03]} c5 {[%clk 00:05:04]} 2. Nf3 {[%clk 00:05:04]} {[%emt
00:00:01]} Nc6 {[%clk 00:05:05]} {[%emt 00:00:01]} 3. Bb5 {[%clk 00:05:05]}
{[%emt 00:00:01]} g6 {[%clk 00:05:06]} 4. O-O {[%clk 00:05:06]} {[%emt
00:00:02]} Bg7 {[%clk 00:05:07]} {[%emt 00:00:01]} 5. Re1 {[%clk 00:05:07]}
{[%emt 00:00:01]} e6 {[%clk 00:04:46]} {[%emt 00:00:23]} 6. c3 {[%clk
00:05:04]} {[%emt 00:00:06]} Nf6 {[%clk 00:04:40]} {[%emt 00:00:07]} 7. d4
{[%clk 00:05:05]} {[%emt 00:00:02]} d5 {[%clk 00:04:34]} {[%emt 00:00:08]} 8.
exd5 {[%clk 00:04:54]} {[%emt 00:00:12]} Nxd5 {[%clk 00:04:33]} {[%emt
00:00:03]} 9. dxc5 {[%clk 00:04:53]} {[%emt 00:00:03]} O-O {[%clk 00:04:18]}
{[%emt 00:00:16]} 10. Nbd2 {[%clk 00:04:29]} {[%emt 00:00:25]} Qe7 {[%clk
00:03:53]} {[%emt 00:00:29]} 11. Ne4 {[%clk 00:03:54]} {[%emt 00:00:37]} Bd7
{[%clk 00:03:25]} {[%emt 00:00:30]} 12. Bc4 {[%clk 00:03:26]} {[%emt 00:00:30]}
Nc7 {[%clk 00:02:42]} {[%emt 00:00:45]} 13. Bf4 {[%clk 00:03:04]} {[%emt
00:00:24]} Ne8 {[%clk 00:02:23]} {[%emt 00:00:22]} 14. Bg5 {[%clk 00:02:23]}
{[%emt 00:00:42]} f6 {[%clk 00:02:21]} {[%emt 00:00:03]} 15. Bf4 {[%clk
00:02:22]} {[%emt 00:00:03]} b6 {[%clk 00:02:15]} {[%emt 00:00:08]} 16. cxb6
{[%clk 00:02:11]} {[%emt 00:00:14]} axb6 {[%clk 00:02:15]} {[%emt 00:00:02]} 17.
Nd6 {[%clk 00:02:04]} {[%emt 00:00:09]} Kh8 {[%clk 00:02:00]} {[%emt 00:00:17]}
18. Nxe8 {[%clk 00:01:53]} {[%emt 00:00:14]} Qxe8 {[%clk 00:02:00]} {[%emt
00:00:01]} 19. Qe2 {[%clk 00:01:41]} {[%emt 00:00:14]} e5 {[%clk 00:01:58]}
{[%emt 00:00:04]} 20. Bg3 {[%clk 00:01:43]} Na5 {[%clk 00:01:56]} {[%emt
00:00:04]} 21. Bd5 {[%clk 00:01:36]} {[%emt 00:00:08]} Rd8 {[%clk 00:01:56]}
{[%emt 00:00:01]} 22. a3 {[%clk 00:01:13]} {[%emt 00:00:26]} Bb5 {[%clk
00:01:48]} {[%emt 00:00:10]} 23. Qd1 {[%clk 00:00:40]} {[%emt 00:00:35]} Bc4
{[%clk 00:01:39]} {[%emt 00:00:11]} 24. b4 {[%clk 00:00:34]} {[%emt 00:00:08]}
Rxd5 {[%clk 00:01:37]} {[%emt 00:00:03]} 25. Qc2 {[%clk 00:00:32]} {[%emt
00:00:05]} Nc6 {[%clk 00:01:33]} {[%emt 00:00:06]} 26. Nd2 {[%clk 00:00:30]}
{[%emt 00:00:04]} Bd3 {[%clk 00:01:33]} {[%emt 00:00:02]} 27. Qb2 {[%clk
00:00:30]} {[%emt 00:00:02]} Bf5 {[%clk 00:01:29]} {[%emt 00:00:06]} 28. c4
{[%clk 00:00:28]} {[%emt 00:00:05]} Rd7 {[%clk 00:01:26]} {[%emt 00:00:04]} 29.
Rad1 {[%clk 00:00:28]} {[%emt 00:00:02]} Nd4 {[%clk 00:01:25]} {[%emt
00:00:02]} 30. Rc1 {[%clk 00:00:27]} {[%emt 00:00:04]} Bh6 {[%clk 00:01:25]}
{[%emt 00:00:01]} 31. f4 {[%clk 00:00:23]} {[%emt 00:00:07]} Qf7 {[%clk
00:01:21]} {[%emt 00:00:06]} 32. Nf3 {[%emt 00:00:19]} Nxf3+ {[%clk 00:01:17]}
{[%emt 00:00:02]} 33. gxf3 {[%clk 00:00:10]} Bxf4 {[%clk 00:01:16]} {[%emt
00:00:04]} 34. Bxf4 {[%clk 00:00:10]} {[%emt 00:00:02]} exf4 {[%clk 00:01:16]}
{[%emt 00:00:01]} 35. Qf2 {[%clk 00:00:12]} Rfd8 {[%clk 00:01:14]} {[%emt
00:00:04]} 36. Qxb6 {[%clk 00:00:12]} {[%emt 00:00:03]} g5 {[%clk 00:01:09]}
{[%emt 00:00:07]} 37. Qc5 {[%clk 00:00:09]} {[%emt 00:00:05]} Bg6 {[%clk
00:01:07]} {[%emt 00:00:04]} 38. b5 {[%clk 00:00:08]} {[%emt 00:00:03]} Bh5
{[%clk 00:01:03]} {[%emt 00:00:06]} 39. Qf2 {[%clk 00:00:06]} {[%emt 00:00:04]}
Rd2 {[%clk 00:01:03]} {[%emt 00:00:02]} 40. Qf1 {[%clk 00:00:07]} g4 {[%clk
00:01:00]} {[%emt 00:00:04]} 41. Rcd1 {[%clk 00:00:07]} {[%emt 00:00:03]} gxf3
{[%clk 00:00:59]} {[%emt 00:00:03]} 42. Rxd2 {[%clk 00:00:05]} {[%emt
00:00:04]} Rxd2 {[%clk 00:01:00]} 43. Qf2 {[%clk 00:00:03]} {[%emt 00:00:04]}
Qg6+ {[%clk 00:00:57]} {[%emt 00:00:05]} 44. Kh1 {[%clk 00:00:04]} Rxf2 {[%clk
00:00:54]} {[%emt 00:00:05]} 45. Re8+ {[%clk 00:00:03]} {[%emt 00:00:03]} Qxe8
{[%clk 00:00:54]} {[%emt 00:00:02]} 0-1

[Event "World Youth & Cadets Blitz Championships"]
[Site "Rhodes, Greece"]
[Date "2022.05.03"]
[Round "5.18"]
[White "Murawski, Jan"]
[Black "Erdogmus, Yagiz Kaan"]
[Result "0-1"]
[TimeControl "5'/game & 2\"/move"]
[WhiteElo "1376"]
[BlackElo "1813"]

1. e4 {[%clk 00:05:03]} {[%emt 00:00:01]} c5 {[%clk 00:05:01]} {[%emt
00:00:03]} 2. b3 {[%clk 00:05:04]} {[%emt 00:00:01]} g6 {[%clk 00:04:52]}
{[%emt 00:00:11]} 3. Bb2 {[%clk 00:05:05]} {[%emt 00:00:01]} Nf6 {[%clk
00:04:53]} {[%emt 00:00:01]} 4. Nc3 {[%clk 00:05:03]} {[%emt 00:00:04]} Bg7
{[%clk 00:04:54]} {[%emt 00:00:01]} 5. Qe2 {[%clk 00:05:03]} {[%emt 00:00:01]}
Nc6 {[%clk 00:04:49]} {[%emt 00:00:07]} 6. f4 {[%clk 00:04:54]} {[%emt
00:00:11]} Nd4 {[%clk 00:04:47]} {[%emt 00:00:04]} 7. Qd3 {[%clk 00:04:49]}
{[%emt 00:00:07]} d5 {[%clk 00:04:28]} {[%emt 00:00:21]} 8. O-O-O {[%clk
00:04:17]} {[%emt 00:00:34]} dxe4 {[%clk 00:03:56]} {[%emt 00:00:34]} 9. Nxe4
{[%clk 00:04:14]} {[%emt 00:00:06]} Bf5 {[%clk 00:03:13]} {[%emt 00:00:44]} 10.
Bxd4 {[%clk 00:03:36]} {[%emt 00:00:40]} Bxe4 {[%clk 00:03:08]} {[%emt
00:00:07]} 11. Qb5+ {[%clk 00:03:37]} {[%emt 00:00:01]} Bc6 {[%clk 00:03:09]}
{[%emt 00:00:01]} 12. Bxf6 {[%clk 00:03:38]} {[%emt 00:00:01]} Bxb5 {[%clk
00:03:10]} {[%emt 00:00:01]} 13. Bxg7 {[%clk 00:03:19]} {[%emt 00:00:21]} Bxf1
{[%clk 00:03:13]} {[%emt 00:00:02]} 14. Rxf1 {[%clk 00:03:00]} {[%emt
00:00:23]} Rg8 {[%clk 00:03:14]} 15. Bb2 {[%clk 00:03:00]} {[%emt 00:00:02]} f6
{[%clk 00:02:55]} {[%emt 00:00:21]} 16. Nf3 {[%clk 00:02:39]} {[%emt 00:00:23]}
Kf7 {[%clk 00:02:51]} {[%emt 00:00:06]} 17. g4 {[%clk 00:02:33]} {[%emt
00:00:08]} a5 {[%clk 00:02:41]} {[%emt 00:00:12]} 18. g5 {[%clk 00:01:49]}
{[%emt 00:00:46]} Qd5 {[%clk 00:01:41]} {[%emt 00:01:02]} 19. h4 {[%clk
00:00:52]} {[%emt 00:00:59]} h5 {[%clk 00:01:10]} {[%emt 00:00:33]} 20. Rhg1
{[%clk 00:00:24]} {[%emt 00:00:30]} a4 {[%clk 00:00:56]} {[%emt 00:00:16]} 21.
gxf6 {[%clk 00:00:15]} {[%emt 00:00:10]} exf6 {[%clk 00:00:57]} {[%emt
00:00:02]} 22. f5 {[%clk 00:00:12]} {[%emt 00:00:06]} gxf5 {[%clk 00:00:53]}
{[%emt 00:00:05]} 23. Rxg8 {[%clk 00:00:05]} {[%emt 00:00:08]} Rxg8 {[%clk
00:00:54]} {[%emt 00:00:02]} 24. Ne1 {[%clk 00:00:07]} axb3 {[%clk 00:00:52]}
{[%emt 00:00:04]} 25. axb3 {[%clk 00:00:08]} Rg4 {[%clk 00:00:38]} {[%emt
00:00:15]} 26. Nf3 {[%clk 00:00:06]} {[%emt 00:00:04]} Qxf3 27. Rxf3 {[%clk
00:00:06]} Rg1+ {[%clk 00:00:34]} {[%emt 00:00:01]} 28. Rf1 {[%clk 00:00:07]}
Rxf1# {[%clk 00:00:35]} 0-1

[Event "World Youth & Cadets Blitz Championships"]
[Site "Rhodes, Greece"]
[Date "2022.05.03"]
[Round "5.19"]
[White "Patel, Zain"]
[Black "Soulier, Alfred"]
[Result "1-0"]
[TimeControl "5'/game & 2\"/move"]
[WhiteElo "1746"]
[BlackElo "1293"]

1. d4 {[%clk 00:05:02]} {[%emt 00:00:01]} Nf6 {[%clk 00:05:03]} {[%emt
00:00:01]} 2. Nf3 {[%clk 00:05:03]} {[%emt 00:00:01]} g6 {[%clk 00:05:04]}
{[%emt 00:00:01]} 3. c4 {[%clk 00:05:03]} {[%emt 00:00:02]} Bg7 {[%clk
00:05:05]} {[%emt 00:00:01]} 4. Nc3 {[%clk 00:05:03]} {[%emt 00:00:02]} O-O
{[%clk 00:05:05]} {[%emt 00:00:02]} 5. g3 {[%clk 00:05:01]} {[%emt 00:00:04]}
d6 {[%clk 00:05:04]} {[%emt 00:00:02]} 6. Bg2 {[%clk 00:05:02]} {[%emt
00:00:01]} c5 {[%clk 00:05:04]} {[%emt 00:00:03]} 7. O-O {[%clk 00:05:01]}
{[%emt 00:00:03]} cxd4 {[%clk 00:05:00]} {[%emt 00:00:06]} 8. Nxd4 {[%clk
00:05:01]} a6 {[%clk 00:04:53]} {[%emt 00:00:10]} 9. h3 {[%clk 00:05:00]}
{[%emt 00:00:03]} Qc7 {[%clk 00:04:53]} {[%emt 00:00:02]} 10. b3 {[%clk
00:04:51]} {[%emt 00:00:12]} Nc6 {[%clk 00:04:43]} {[%emt 00:00:12]} 11. Be3
{[%clk 00:04:38]} {[%emt 00:00:14]} Bd7 {[%clk 00:04:16]} {[%emt 00:00:30]} 12.
Rc1 {[%clk 00:04:38]} {[%emt 00:00:01]} Nxd4 {[%clk 00:04:04]} {[%emt
00:00:14]} 13. Bxd4 {[%clk 00:04:36]} {[%emt 00:00:03]} Rac8 {[%clk 00:03:29]}
{[%emt 00:00:38]} 14. Bxf6 {[%clk 00:04:36]} {[%emt 00:00:02]} Bxf6 {[%clk
00:03:06]} {[%emt 00:00:24]} 15. Nd5 {[%clk 00:04:36]} {[%emt 00:00:02]} Qb8
{[%clk 00:02:40]} {[%emt 00:00:29]} 16. Nxf6+ {[%clk 00:04:24]} {[%emt
00:00:13]} exf6 {[%clk 00:02:40]} {[%emt 00:00:02]} 17. Qd4 {[%clk 00:04:24]}
{[%emt 00:00:03]} Kg7 {[%clk 00:01:57]} {[%emt 00:00:46]} 18. Rfd1 {[%clk
00:04:24]} {[%emt 00:00:02]} Rfd8 {[%clk 00:01:20]} {[%emt 00:00:38]} 19. Qxd6
{[%clk 00:04:16]} {[%emt 00:00:10]} Qxd6 {[%clk 00:01:15]} {[%emt 00:00:07]} 20.
Rxd6 {[%clk 00:04:16]} {[%emt 00:00:02]} Bc6 {[%clk 00:01:12]} {[%emt
00:00:05]} 21. Rxd8 {[%clk 00:04:00]} {[%emt 00:00:18]} Rxd8 {[%clk 00:01:10]}
{[%emt 00:00:05]} 22. Bxc6 {[%clk 00:03:50]} {[%emt 00:00:12]} bxc6 {[%clk
00:01:10]} {[%emt 00:00:02]} 23. Rc2 {[%clk 00:03:50]} {[%emt 00:00:02]} f5
{[%clk 00:01:06]} {[%emt 00:00:05]} 24. Kg2 {[%clk 00:03:50]} {[%emt 00:00:02]}
Kf6 {[%clk 00:01:06]} {[%emt 00:00:02]} 25. Kf3 {[%clk 00:03:50]} {[%emt
00:00:01]} Ke5 {[%emt 00:00:03]} 26. e3 {[%clk 00:03:47]} {[%emt 00:00:05]} h5
{[%clk 00:00:49]} {[%emt 00:00:19]} 27. b4 {[%clk 00:03:48]} {[%emt 00:00:02]}
g5 {[%clk 00:00:25]} {[%emt 00:00:26]} 28. a4 {[%clk 00:03:39]} {[%emt
00:00:10]} g4+ {[%clk 00:00:18]} {[%emt 00:00:10]} 29. hxg4 {[%clk 00:03:39]}
hxg4+ {[%clk 00:00:17]} {[%emt 00:00:03]} 30. Ke2 {[%clk 00:03:40]} {[%emt
00:00:01]} Rb8 {[%clk 00:00:11]} {[%emt 00:00:09]} 31. b5 {[%clk 00:03:24]}
{[%emt 00:00:18]} axb5 {[%clk 00:00:08]} {[%emt 00:00:05]} 32. cxb5 {[%clk
00:03:25]} {[%emt 00:00:01]} cxb5 {[%clk 00:00:07]} {[%emt 00:00:03]} 33. Rc5+
{[%clk 00:03:26]} Ke4 {[%clk 00:00:06]} {[%emt 00:00:03]} 34. axb5 {[%clk
00:03:12]} {[%emt 00:00:16]} Ra8 {[%clk 00:00:05]} {[%emt 00:00:03]} 35. Rc4+
{[%clk 00:03:08]} {[%emt 00:00:05]} Kd5 {[%clk 00:00:05]} {[%emt 00:00:02]} 36.
Rc2 {[%clk 00:03:07]} {[%emt 00:00:03]} Rb8 {[%clk 00:00:04]} {[%emt 00:00:04]}
37. Rb2 {[%clk 00:03:07]} {[%emt 00:00:02]} Kc5 {[%clk 00:00:04]} {[%emt
00:00:02]} 38. Kd3 {[%clk 00:03:06]} {[%emt 00:00:02]} Rd8+ {[%clk 00:00:04]}
{[%emt 00:00:02]} 39. Kc3 {[%clk 00:03:06]} {[%emt 00:00:02]} Rb8 {[%clk
00:00:04]} {[%emt 00:00:03]} 40. Rb4 {[%clk 00:02:57]} {[%emt 00:00:11]} Rd8
{[%clk 00:00:03]} {[%emt 00:00:02]} 41. b6 {[%clk 00:02:47]} {[%emt 00:00:12]}
Rb8 {[%clk 00:00:03]} {[%emt 00:00:02]} 42. b7 {[%clk 00:02:44]} {[%emt
00:00:05]} Kc6 {[%clk 00:00:04]} {[%emt 00:00:02]} 43. Kd4 {[%clk 00:02:38]}
{[%emt 00:00:08]} f6 {[%clk 00:00:03]} {[%emt 00:00:02]} 44. Rc4+ {[%clk
00:02:29]} {[%emt 00:00:11]} Kxb7 {[%clk 00:00:03]} {[%emt 00:00:03]} 45. Rb4+
{[%clk 00:02:30]} Kc7 {[%clk 00:00:04]} {[%emt 00:00:01]} 46. Rxb8 {[%clk
00:02:31]} {[%emt 00:00:01]} Kxb8 {[%clk 00:00:05]} 47. Kd5 {[%clk 00:02:32]}
Kc7 {[%clk 00:00:04]} {[%emt 00:00:03]} 48. Ke6 {[%clk 00:02:33]} {[%emt
00:00:01]} Kc6 {[%clk 00:00:04]} {[%emt 00:00:01]} 49. Kxf6 {[%clk 00:02:33]}
{[%emt 00:00:02]} f4 {[%clk 00:00:04]} {[%emt 00:00:02]} 50. exf4 {[%clk
00:02:31]} {[%emt 00:00:04]} Kd5 {[%clk 00:00:06]} 51. Kg5 {[%clk 00:02:32]}
{[%emt 00:00:01]} Ke4 {[%clk 00:00:07]} 52. Kxg4 {[%clk 00:02:32]} {[%emt
00:00:02]} Kd5 {[%clk 00:00:08]} 53. Kg5 {[%clk 00:02:33]} {[%emt 00:00:02]}
Ke6 {[%clk 00:00:09]} 54. Kg6 {[%clk 00:02:34]} Ke7 {[%clk 00:00:10]} {[%emt
00:00:01]} 55. f5 {[%clk 00:02:35]} Kf8 {[%clk 00:00:12]} 56. Kf6 {[%clk
00:02:36]} {[%emt 00:00:01]} Ke8 {[%clk 00:00:13]} 57. Kg7 {[%clk 00:02:37]}
{[%emt 00:00:01]} Ke7 {[%clk 00:00:14]} 58. f6+ {[%clk 00:02:39]} Ke6 {[%clk
00:00:16]} {[%emt 00:00:01]} 59. f7 {[%clk 00:02:40]} Ke5 {[%clk 00:00:17]} 60.
f8=Q {[%clk 00:02:38]} {[%emt 00:00:04]} Ke6 {[%clk 00:00:18]} 61. Qf4 {[%clk
00:02:38]} {[%emt 00:00:03]} Kd5 {[%clk 00:00:19]} {[%emt 00:00:01]} 62. Kf6
{[%clk 00:02:38]} Kc6 {[%clk 00:00:21]} {[%emt 00:00:01]} 63. Ke6 {[%clk
00:02:38]} {[%emt 00:00:02]} Kc5 {[%clk 00:00:22]} 64. Qe4 {[%clk 00:02:39]}
{[%emt 00:00:02]} Kb6 {[%clk 00:00:23]} 65. Qc4 {[%clk 00:02:39]} {[%emt
00:00:01]} Kb7 {[%emt 00:00:02]} 66. Qc5 {[%clk 00:02:41]} Ka6 {[%clk
00:00:25]} {[%emt 00:00:02]} 67. Qb4 {[%clk 00:02:42]} {[%emt 00:00:01]} Ka7
{[%clk 00:00:26]} 68. Qb5 {[%clk 00:02:43]} Ka8 {[%clk 00:00:27]} 69. Kd7
{[%clk 00:02:44]} Ka7 {[%clk 00:00:28]} {[%emt 00:00:01]} 70. Kc7 {[%clk
00:02:45]} Ka8 {[%clk 00:00:30]} {[%emt 00:00:01]} 71. Qa4# {[%clk 00:02:37]}
1-0